000 00338nam a2200145Ia 4500
100 _aRashid/M.H
250 _a3
942 _cBK
654 _apspice
245 _aIntroduction to Pspice using orcad for circuits and electronics
260 _bPearson Education
_c2004
082 _a621.31832
_bRAS
300 _a456
546 _aENGLISH
999 _c34825
_d34825